00592nam a2200169 a 4500008004100000020002200041245014700063260008300210300002900293440002100322500002000343650001000363700002200373003000100395005001700396040000900413  a1874912858 (pbk.)10aSafe, secure and streetwise :bthe essential guide to protecting yourself, your family and your home from crime /c[edited by] Sandy Shepherd. aCape Town :bThe Reader's Digest Association South Africa (Pty) Limited,c1997 a280 p. :bill. ;c25 cm. aReader's digest. aIncludes Index. 1aCrime aShepherd, Sandy. 20230123125010.0 cNUST